000
00241nam a22000977a 4500
008
160120t xxu||||| |||| 00| 0 eng d
100
_a
S. M. Shahid
_9
1484
245
_a
Mass communication
_b
an introduction
300
_a
000
942
_2
ddc
_c
BK
999
_c
479954
_d
479954